[Event "23rd ETCC Open 2021"]
[Site "Catez"]
[Date "2021.11.12"]
[Round "1.35"]
[White "Petenyi, Tamas"]
[Black "Bluebaum, Matthias"]
[Result "1/2-1/2"]
[WhiteElo "2458"]
[BlackElo "2647"]
[Annotator "TA"]
[PlyCount "79"]
[EventDate "2021.11.08"]
[EventType "team-tourn"]
[EventCountry "SLO"]
[SourceTitle "playchess.com"]
[Source "ChessBase"]
[SourceQuality "1"]
[WhiteTeam "Slovakia"]
[BlackTeam "Germany"]
[WhiteTeamCountry "SVK"]
[BlackTeamCountry "GER"]

{[%evp 9,79,11,16,3,12,21,16,4,7,0,0,0,0,0,0,-4,0,-5,7,0,0,-16,-17,-13,-9,-12,
-17,-17,-19,-21,-21,-29,-25,-29,-15,-28,-19,-22,-20,-31,-25,-23,-11,-5,-8,-18,
-14,-20,-19,-25,-10,-17,-15,-25,0,-15,0,0,0,0,0,0,0,0,0,0,0,0,0,0,0,0]} 1. e4
e6 2. d4 d5 3. Nd2 c5 4. exd5 Qxd5 5. dxc5 Nf6 6. Ngf3 {C07: French Tarrasch:
3...c5, 4 Ngf3 and 4 exd5 Qxd5.} Qxc5 7. Bd3 Nbd7 8. O-O Qc7 9. Qe2 Nc5 10.
Bb5+ Bd7 11. Ne5 (11. Bxd7+ {is interesting.} Ncxd7 12. c3 Be7 13. Ne4 Rd8 14.
Re1) 11... Bxb5 12. Qxb5+ Ncd7 13. Nxd7 Qxd7 {[#]} 14. Qxd7+ $146 ({
Predecessor:} 14. Qb3 Qd5 15. c4 Qc6 16. Nf3 Bc5 17. Ne5 Qc7 18. Qb5+ Ke7 19.
Nf3 Qb6 20. Qxb6 Bxb6 {0-1 (61) Schuster,M (2189)-Paul,J (2207) Magdeburg 2015}
) 14... Nxd7 15. Nf3 Rc8 16. c3 Nb6 17. Be3 Bc5 18. Bxc5 Rxc5 19. Rfd1 Ke7 20.
Rac1 Rhc8 21. Rc2 Nd5 (21... Ra5 {looks sharper.} 22. a3 h5 23. h4 g6 24. g3
Rb5) 22. Rcd2 b5 23. g3 Nb6 24. Nd4 Nc4 25. Re2 a6 26. f4 g6 27. Nf3 h6 28. Kg2
R8c7 29. h3 Rb7 30. g4 a5 31. Kg3 Nd6 32. Rd4 {The position is equal.} b4 33.
cxb4 Rxb4 34. Rxb4 axb4 $11 {[%mdl 4096] Endgame KRN-KRN} 35. Ne5 Rc1 36. Nd3
Rc4 37. Ne5 Rc8 38. Nd3 Rc4 39. Ne5 Rc8 40. Nd3 {Not much happened in this
game.  Weighted Error Value: White=0.04/Black=0.03} 1/2-1/2

[Event "23rd ETCC Open 2021"]
[Site "Catez"]
[Date "2021.11.12"]
[Round "1.36"]
[White "Svane, Rasmus"]
[Black "Sahidi, Samir"]
[Result "1-0"]
[WhiteElo "2628"]
[BlackElo "2432"]
[Annotator "TA"]
[PlyCount "119"]
[EventDate "2021.11.08"]
[EventType "team-tourn"]
[EventCountry "SLO"]
[SourceTitle "playchess.com"]
[Source "ChessBase"]
[SourceQuality "1"]
[WhiteTeam "Germany"]
[BlackTeam "Slovakia"]
[WhiteTeamCountry "GER"]
[BlackTeamCountry "SVK"]

{[%evp 15,119,26,31,22,40,40,33,42,50,58,60,41,66,46,42,43,61,59,88,61,64,52,
62,62,43,34,39,37,42,36,63,39,112,106,110,103,189,121,310,307,285,310,307,300,
261,226,314,313,289,284,274,276,337,335,377,388,318,361,560,562,548,542,532,
509,549,539,532,487,563,558,515,459,398,395,635,604,769,756,720,839,805,774,
1807,1687,1173,658,768,776,765,742,672,625,29963,29962,29964,29972,29972,29973,
29974,29976,29976,29977,29976,29979,29978,29978]} 1. d4 Nf6 2. Nf3 e6 3. c4 b6
4. g3 Bb7 5. Bg2 Bb4+ 6. Bd2 Bxd2+ 7. Qxd2 O-O 8. O-O d6 9. Qf4 $1 {[%mdl 4]
outshines the older 9.Nc3. E16: Queen's Indian: 4 g3 Bb7 5 Bg2 Bb4+.} Nbd7 10.
Nc3 Re8 11. Rfe1 $5 {[%mdl 4] [#] White is slightly better. A promising side
line.} Qe7 $146 ({Predecessor:} 11... Nf8 12. Rad1 Ng6 13. Qc1 Ne4 14. Nd2 Nxc3
15. Qxc3 Bxg2 16. Kxg2 e5 17. e4 Qg5 {1/2-1/2 (30) Navara,D (2705)-Matlakov,M 
(2700) Czech Republic 2013}) 12. e4 Nf8 13. Rad1 Rad8 14. Qe3 Ng6 15. d5 e5 16.
b4 c5 17. dxc6 Bxc6 18. a4 Qc7 19. Rc1 Qb8 20. h4 Bd7 21. Nd5 Nxd5 22. cxd5 Nf8
23. Bf1 f5 (23... h6 $14) 24. Bb5 $16 fxe4 {Hoping for ...Bxb5.} 25. Ng5 a5 {
[#]} (25... Bxb5 $16 26. axb5 h6 27. Nxe4 Ng6) 26. Bxd7 (26. Qxe4 $6 Bxb5 27.
axb5 h6 $16) (26. Nxe4 $6 axb4 27. Bc6 Re7 $16) (26. bxa5 $1 $18 {Black must
now prevent Rb1.} bxa5 27. Rb1 (27. Qxe4 Bxb5 28. axb5 Qxb5 $14) 27... Bxb5 28.
Rxb5 {[%mdl 64] Double Attack}) 26... Rxd7 $2 {Black cannot hold the game
after this.} (26... Nxd7 $16 {might work better.} 27. bxa5 (27. Qxe4 Nf6 $14) (
27. Nxe4 axb4 28. Rc4 b3 $14) 27... bxa5) 27. b5 $18 (27. Qxe4 h6 $14) (27.
Nxe4 axb4 28. Qb3 Ng6 $16) 27... Rdd8 28. Rc6 (28. Nxe4 $6 Nd7 $18) (28. Qxe4
h6 $16) 28... Nd7 29. Qxe4 (29. Nxe4 $6 Nc5 $18) 29... Nf6 30. Qe3 h6 31. Ne4 (
{Weaker is} 31. Rxb6 Qa7 $16) 31... Nxe4 32. Qxe4 Re7 33. Rec1 Rf7 34. Qg4 Qb7
35. Rc8 Rfd7 36. Qe6+ Kh8 (36... Kf8 $142) 37. Rxd8+ Rxd8 {[%mdl 4096] Endgame
KQR-KQR} 38. Rc6 Qb8 39. Qe7 Kh7 40. Rc7 {[%csl Gc7][%cal Re7g7] [#]} Rg8 41.
h5 Qf8 42. Qxf8 Rxf8 {KR-KR} 43. Kg2 e4 {intending ...Rf5.} 44. Rc6 Rf3 $2 (
44... Rf5 45. Rxd6 (45. Rxb6 Rxd5 46. Ra6 Rd2 $18) 45... Rxh5) 45. Rxd6 Ra3 46.
Rxb6 Rxa4 47. d6 Ra2 48. Kf1 Rd2 49. Rc6 a4 50. Ra6 a3 51. Rxa3 Rxd6 52. Rb3
Rb6 53. Ke2 g6 54. Ke3 {White mates.} gxh5 55. Kxe4 Kg6 56. Kd5 Kg5 57. Kc5 Rb8
58. b6 {[%cal Bb5b6,Bb6b7][%mdl 32]} h4 59. gxh4+ Kxh4 60. b7 {Weighted Error
Value: White=0.15/Black=0.46} 1-0

[Event "23rd ETCC Open 2021"]
[Site "Catez"]
[Date "2021.11.12"]
[Round "1.37"]
[White "Erdos, Viktor"]
[Black "Djukic, Nikola"]
[Result "1/2-1/2"]
[WhiteElo "2615"]
[BlackElo "2519"]
[Annotator "TA"]
[PlyCount "69"]
[EventDate "2021.11.08"]
[EventType "team-tourn"]
[EventCountry "SLO"]
[SourceTitle "playchess.com"]
[Source "ChessBase"]
[SourceQuality "1"]
[WhiteTeam "Hungary"]
[BlackTeam "Montenegro"]
[WhiteTeamCountry "HUN"]
[BlackTeamCountry "MNE"]

{[%evp 11,69,8,26,1,5,0,0,-5,-5,0,43,38,39,30,93,86,84,-22,-14,-31,-34,-31,161,
67,49,0,19,0,95,101,127,148,130,48,47,44,58,0,557,72,115,54,748,0,793,441,530,
134,210,193,189,25,33,27,34,0,20,0,26,0]} 1. e4 c5 2. Nf3 d6 3. Bb5+ Bd7 4.
Bxd7+ Qxd7 5. O-O Nc6 6. c3 d5 7. d3 {B52: Sicilian: Moscow Variation with 3...
Bd7.} e6 8. Qe2 Nge7 9. Na3 {The position is equal.} Ng6 {[#]} 10. h4 $146 ({
Predecessor:} 10. e5 f6 11. exf6 gxf6 12. Ne1 O-O-O 13. f4 Bd6 14. Qh5 Nce7 15.
Nac2 Qc7 16. g3 {0-1 (51) Tatai,S (2334)-Shytaj,L (2451) Bratto 2007}) 10...
Be7 11. h5 $1 {[%cal Rh5g6]} Nf8 12. Bf4 $36 {[%mdl 2048] White is more active.
} O-O-O (12... f6 $1 $11) 13. Rfd1 f6 14. b4 ({Better is} 14. Bh2 $16) 14...
cxb4 $11 15. cxb4 Bxb4 16. Nc2 Be7 {[#]} (16... Bc3 $15 {keeps the upper hand.}
17. Rac1 d4) 17. Bg3 ({White has to play} 17. exd5 $1 $18 Qxd5 18. d4) 17...
Bd6 18. exd5 exd5 19. Bxd6 Qxd6 (19... Re8 $11 {keeps the balance.} 20. Ne3
Qxd6) 20. Ncd4 $16 Nxd4 21. Nxd4 Nd7 22. Nb5 (22. Qg4 $16) 22... Qb6 $14 {
[%cal Rb6b5]} 23. Rab1 {aiming for Qe7.} Kb8 $1 24. Qe7 (24. d4 $14 a6 25. Nc3)
24... Qc5 $2 {[%mdl 8192]} (24... Ne5 $1 $11) 25. Qxg7 $2 (25. Nd6 $18) 25...
d4 {White must now prevent ...Rhg8.} 26. Rdc1 (26. Re1 $16) 26... Qxh5 $2 {
[%mdl 8192]} (26... Rhg8 $14 27. Qf7 (27. Rxc5 Rxg7 28. Rd5 Rg5 $16) (27. Qxh7
Qe5 $14) 27... Qg5) 27. Nxd4 $2 (27. Qe7 $18 {White wants to mate with Qd6+.}
Qe5 28. Qa3) 27... Nb6 $2 {[%mdl 8192]} (27... Rhg8 $11 28. Qe7 Nb6) 28. Ne6
Rdg8 29. Qc7+ (29. Qxf6 {Threatening mate with Qf4+.} Nd5 30. Qd4 (30. Qb2
Rxg2+ 31. Kxg2 Rg8+ 32. Kf1 Qh3+ {[%mdl 64] Double Attack} 33. Ke2 Qxe6+ 34.
Kd2 Qh6+ 35. Kd1 Qh5+ 36. Qe2 Rg1+ 37. Kd2 Qh6+ 38. Kc2 Qc6+ 39. Kd2 Qh6+ 40.
Kc2 Qc6+ 41. Kd2 Qh6+ $11)) 29... Ka8 $18 {[#]} 30. Qd6 $1 {White threatens
Nc7+ and mate.} Qe5 31. Nc7+ $2 (31. Rxb6 $18 {Intending Nc7+ and mate.} axb6
32. Qxb6) 31... Kb8 $14 32. Na6+ {[%mdl 64] Discovered Attack (Double check)}
Ka8 33. Nc7+ Kb8 34. Na6+ {[%mdl 64] Discovered Attack (Double check)} Ka8 35.
Nc7+ {Weighted Error Value: White=1.15/Black=0.58} 1/2-1/2

[Event "23rd ETCC Open 2021"]
[Site "Catez"]
[Date "2021.11.12"]
[Round "1.38"]
[White "Draskovic, Luka"]
[Black "Banusz, Tamas"]
[Result "0-1"]
[WhiteElo "2469"]
[BlackElo "2607"]
[Annotator "TA"]
[PlyCount "90"]
[EventDate "2021.11.08"]
[EventType "team-tourn"]
[EventCountry "SLO"]
[SourceTitle "playchess.com"]
[Source "ChessBase"]
[SourceQuality "1"]
[WhiteTeam "Montenegro"]
[BlackTeam "Hungary"]
[WhiteTeamCountry "MNE"]
[BlackTeamCountry "HUN"]

{[%evp 10,90,13,11,11,12,25,21,18,19,19,17,23,1,15,8,7,2,9,0,0,0,0,-3,-2,-18,
-18,-69,-63,-55,-68,-58,-59,-87,-87,-70,-69,-82,-64,-66,-76,-161,-161,-157,
-160,-159,-151,-191,-191,-189,-142,-156,0,-187,-160,-154,-125,-189,-138,-134,
-141,-134,-74,-193,-180,-227,-225,-222,-220,-194,-176,-267,-262,-336,-336,-399,
-398,-420,-414,-407,-407,-406,-414]} 1. e4 e5 2. Nf3 Nc6 3. Bc4 Nf6 4. d3 Bc5
5. O-O d6 6. c3 a5 {C54: Giuoco Piano: 4 c3 Nf6, main lines with 5 d4 and 5 d3.
} 7. h3 O-O 8. Re1 h6 {The position is equal.} 9. Nbd2 a4 10. Bb5 Bd7 11. Nc4
Nb8 12. Bxd7 Nbxd7 13. d4 Ba7 14. dxe5 dxe5 {[#]} 15. Qc2 $146 ({Predecessor:} 
15. Be3 Bxe3 16. Nxe3 a3 17. b4 Nxe4 18. Nf5 Ndf6 19. Qc2 Qd7 20. g4 Qa4 21.
Qxa4 Rxa4 {0-1 (42) Papp,G (2587)-Harikrishna,P (2768) Novi Sad 2016}) 15...
Qe7 16. Be3 Qe6 17. Bxa7 Qxc4 18. Be3 (18. Nd2 $11 Qa6 19. Be3) 18... Qxe4 $15
19. Qxe4 Nxe4 20. Bxh6 Ndc5 21. Be3 Nd3 {[%mdl 64] Threatens to win with ...a3.
Double Attack} 22. Reb1 b6 23. Ne1 Rfd8 24. Nxd3 Rxd3 25. Re1 (25. c4 $17)
25... a3 $19 26. Bc1 axb2 27. Bxb2 {[#]} Nc5 ({Don't play} 27... Nxc3 28. Bxc3
Rxc3 29. Rxe5 $15) 28. c4 f6 29. Re2 Na4 30. Rc1 Nc5 31. Ra1 $1 Rad8 32. Rae1
Rd1 33. Ba3 (33. Rxd1 $17 Rxd1+ 34. Kh2) 33... Na4 (33... Ne6 $19 {And now ...
Nd4 would win.} 34. Rxd1 Rxd1+ 35. Kh2 Rd3) 34. Rxd1 $17 Rxd1+ {[%mdl 4096]
Endgame KRB-KRN} 35. Kh2 {[#]} Kf7 (35... Rd3 $142 $1 {[%cal Rd3a3]} 36. Bb2
Kf7) 36. f4 (36. Rc2 $17) 36... Rd3 $19 ({Resist} 36... exf4 37. Re7+ Kg8 38.
Rxc7 $15) 37. Bb4 c5 ({Inferior is} 37... exf4 38. Re7+ Kg6 39. Rxc7 $11) 38.
Bd2 exf4 39. Bxf4 Rd4 40. Bc7 (40. Kg3 $142) 40... Rxc4 41. Bd6 Rd4 42. Re7+
Kg6 {Black is winning.} 43. Bg3 c4 44. Rc7 c3 45. Be1 Rd3 {Weighted Error
Value: White=0.20/Black=0.11} 0-1

[Event "23rd ETCC Open 2021"]
[Site "Catez"]
[Date "2021.11.12"]
[Round "1.39"]
[White "Gledura, Benjamin"]
[Black "Blagojevic, Dragisa"]
[Result "1-0"]
[WhiteElo "2635"]
[BlackElo "2467"]
[Annotator "TA"]
[PlyCount "67"]
[EventDate "2021.11.08"]
[EventType "team-tourn"]
[EventCountry "SLO"]
[SourceTitle "playchess.com"]
[Source "ChessBase"]
[SourceQuality "1"]
[WhiteTeam "Hungary"]
[BlackTeam "Montenegro"]
[WhiteTeamCountry "HUN"]
[BlackTeamCountry "MNE"]

{[%evp 9,67,18,30,25,20,18,20,20,31,0,14,19,73,64,109,107,106,110,116,105,97,
94,105,105,99,106,130,113,118,118,122,109,174,156,163,155,170,158,188,179,198,
212,284,227,310,267,240,233,234,143,433,315,637,619,739,746,762,758,29997,236]
} 1. Nf3 d5 2. g3 Nf6 3. Bg2 Bg4 4. O-O e6 5. h3 Bh5 6. c4 {A07: Réti Opening:
New York and Capablanca Systems.} c6 7. d4 Nbd7 8. cxd5 {The position is equal.
} exd5 9. Ne5 Bg6 10. Nc3 Bb4 (10... Be7 $11 {remains equal.}) 11. Qb3 $16 Qb6
{[#]} 12. Na4 $146 ({Predecessor:} 12. Nxg6 hxg6 13. Rd1 O-O 14. Na4 Qa5 15. a3
Bd6 16. Bd2 Qc7 17. Rac1 Rad8 18. Qc2 {1-0 (45) Svane,R (2613)-Jumabayev,R 
(2654) chess.com INT 2020}) 12... Qb5 13. a3 Ba5 14. Qxb5 cxb5 15. Nxd7 Nxd7 {
[#]} 16. b4 $1 bxa4 17. bxa5 Nf6 18. Ra2 b5 19. axb6 $1 axb6 20. Rb2 Kd7 (20...
O-O $16 {was called for.}) 21. Bf4 ({Resist} 21. Rxb6 $6 Rhb8 $16) 21... Rhc8
22. Rxb6 Rc3 23. Bd6 Rac8 24. Bb4 R3c6 25. Rb5 Ke6 26. Ra5 Bc2 27. Rc1 Bb3 28.
Rxc6+ Rxc6 29. Ra7 Nd7 $2 {[%mdl 8192] [#]} (29... Ne4 $16 {was necessary.} 30.
Re7+ Kf6 31. Bxe4 dxe4 32. Rxe4 g5) 30. g4 g6 $2 (30... Nb6 31. e4 dxe4 32.
Bxe4 Nc8) 31. g5 $18 f6 32. gxf6 Rc1+ 33. Kh2 Nxf6 34. Re7+ {White took
control after the opening.  Weighted Error Value: White=0.13/Black=0.66} 1-0

[Event "23rd ETCC Open 2021"]
[Site "Catez"]
[Date "2021.11.12"]
[Round "1.40"]
[White "Nikcevic, Nebojsa"]
[Black "Kantor, Gergely"]
[Result "0-1"]
[WhiteElo "2385"]
[BlackElo "2566"]
[Annotator "ChessBase"]
[PlyCount "87"]
[EventDate "2021.11.08"]
[EventType "team-tourn"]
[EventCountry "SLO"]
[SourceTitle "playchess.com"]
[Source "ChessBase"]
[SourceQuality "1"]
[WhiteTeam "Montenegro"]
[BlackTeam "Hungary"]
[WhiteTeamCountry "MNE"]
[BlackTeamCountry "HUN"]
[TimeControl "40/5400+30:1800+30"]

1. d4 Nf6 2. c4 e6 3. Nf3 d5 4. Nc3 dxc4 5. e3 a6 6. a4 Bb4 7. Bxc4 O-O 8. O-O
b6 9. Qb3 a5 10. e4 Bxc3 11. bxc3 Nxe4 12. Re1 Bb7 13. Bd3 Nf6 14. Re3 Ng4 15.
Re2 Bxf3 16. gxf3 Nf6 17. Bf4 Nd5 18. Bg3 Nc6 19. Be4 Rc8 20. Rd1 Nce7 21. c4
Nf6 22. d5 exd5 23. cxd5 Qd7 24. Bxc7 Qxc7 25. d6 Qc5 26. dxe7 Rfe8 27. Qb5 g6
28. Bb7 Rc7 29. Qxc5 bxc5 30. Ba6 Rcxe7 31. Rxe7 Rxe7 32. Bb5 Kg7 33. Kf1 Re5
34. Rd8 Rf5 35. Ra8 Rxf3 36. Kg2 Rc3 37. Rxa5 Nd5 38. Ra7 Nf4+ 39. Kg1 Rc1+ 40.
Bf1 c4 41. f3 c3 42. Kf2 c2 43. Rc7 Nd5 44. Rc4 0-1

[Event "23rd ETCC Open 2021"]
[Site "Catez"]
[Date "2021.11.12"]
[Round "1.41"]
[White "Dardha, Daniel"]
[Black "Martirosyan, Haik M."]
[Result "0-1"]
[WhiteElo "2525"]
[BlackElo "2624"]
[Annotator "TA"]
[PlyCount "112"]
[EventDate "2021.11.08"]
[EventType "team-tourn"]
[EventCountry "SLO"]
[SourceTitle "playchess.com"]
[Source "ChessBase"]
[SourceQuality "1"]
[WhiteTeam "Belgium"]
[BlackTeam "Armenia"]
[WhiteTeamCountry "BEL"]
[BlackTeamCountry "ARM"]

{[%evp 9,112,18,1,0,12,2,14,1,10,0,0,0,12,0,0,0,14,1,37,40,39,38,43,37,47,25,
22,8,52,54,102,93,93,97,87,100,117,76,87,71,93,44,47,23,57,0,0,0,0,0,0,-92,
-118,-99,-60,-202,-197,-175,-132,-214,-208,-225,-208,-213,-209,-325,-325,-325,
-325,-325,-321,-304,-297,-401,-397,-397,-395,-385,-389,-378,-365,-365,-281,
-268,-290,-290,-286,-347,-365,-531,-546,-537,-520,-583,-659,-661,-644,-579,
-656,-639,-635,-633,-633,-570,-552]} 1. d4 Nf6 2. c4 e6 3. Nf3 b6 4. a3 Bb7 5.
Bf4 c5 6. Nc3 {E12: Queen's Indian: Unusual White 4th moves, 4 a3, 4 Nc3 Bb7 5
a3 and 4 Nc3 Bb7 .} cxd4 7. Qxd4 Nc6 {[%cal Bb8c6,Bc6d8,Bd8b7,Bb7c5][%mdl 32]}
8. Qd3 {The position is equal.} Nh5 9. Bg5 Be7 10. Bxe7 Qxe7 11. Nb5 {aiming
for Nc7+.} O-O 12. Nd6 Nd8 13. Rd1 {[#]} Nf6 $146 ({Predecessor:} 13... Bc6 14.
e3 Nf6 15. Be2 Nb7 16. O-O Nxd6 17. Qxd6 Qxd6 18. Rxd6 Bxf3 19. Bxf3 Rac8 {
1-0 (54) Shankland,S (2691)-Ding,L (2791) chess24.com INT 2021}) 14. e4 Bc6 15.
Be2 Ne8 16. Nb5 $36 {[%mdl 2048] Black is under pressure.} Nb7 17. Nc3 Nc5 18.
Qe3 d6 19. Nd4 Bb7 20. b4 Nd7 21. O-O Rc8 22. f4 a6 23. Rc1 g6 24. Nf3 Nef6 25.
Bd3 Rc7 26. h3 Rfc8 27. Na4 (27. Rfd1 $14) 27... b5 $11 28. cxb5 axb5 29. Rxc7
Rxc7 30. Nb6 (30. Nb2 $11 {keeps the balance.}) 30... Nxb6 $1 $17 31. Qxb6 Nxe4
32. Qxb5 {[#] This move loses the game for White.} (32. Bxe4 $15 Bxe4 33. Qxb5)
32... Ng3 $1 $19 {[%cal Rg3f1]} 33. Rf2 Bd5 34. Qb8+ (34. Qb6 $17 {keeps
fighting.}) 34... Kg7 35. Qb6 {[#]} Rc3 $1 {[%csl LRa3,LRd3][%cal Rc3d3]} 36.
Qd4+ Qf6 37. Rd2 (37. Qxf6+ $142 Kxf6 38. Ne1) 37... Bxf3 ({Don't play} 37...
Rxa3 38. Kf2 $19) 38. Qxf6+ Kxf6 39. gxf3 Rxa3 {[%mdl 4096] Endgame KRB-KRN}
40. Kf2 Nh5 41. Ke3 Rb3 42. b5 Rb4 43. Bf1 Ng3 44. Bd3 d5 45. Rd1 Nf5+ 46. Kd2
Nd6 ({Don't do} 46... Rxf4 47. Rb1 $19) 47. Kc3 Rxf4 48. b6 Rxf3 49. Kb4 (49.
h4 $142) 49... Rxh3 {Black is clearly winning.} 50. Ba6 Rh2 51. Rb1 Rc2 52. b7
{[#]} Nxb7 53. Bxb7 h5 54. Rf1+ Ke7 55. Ba6 h4 56. Bd3 Rc8 {Weighted Error
Value: White=0.27/Black=0.07} 0-1

[Event "23rd ETCC Open 2021"]
[Site "Catez"]
[Date "2021.11.12"]
[Round "1.42"]
[White "Hovhannisyan, Robert"]
[Black "Docx, Stefan"]
[Result "1-0"]
[WhiteElo "2622"]
[BlackElo "2432"]
[Annotator "TA"]
[PlyCount "57"]
[EventDate "2021.11.08"]
[EventType "team-tourn"]
[EventCountry "SLO"]
[SourceTitle "playchess.com"]
[Source "ChessBase"]
[SourceQuality "1"]
[WhiteTeam "Armenia"]
[BlackTeam "Belgium"]
[WhiteTeamCountry "ARM"]
[BlackTeamCountry "BEL"]

{[%evp 25,57,58,64,15,18,22,21,16,54,54,68,58,261,158,162,179,179,185,179,179,
191,183,164,155,305,219,549,545,537,539,951,926,926,892]} 1. e4 c5 2. Nf3 d6 3.
d4 cxd4 4. Nxd4 Nf6 5. Nc3 Nc6 6. Bg5 e6 7. Qd2 a6 8. O-O-O Bd7 9. f4 Be7 10.
Nf3 b5 11. Bxf6 gxf6 12. f5 Qb6 13. Kb1 O-O-O 14. a3 $5 {[%mdl 4] Exploring
less charted territory. B69: Sicilian: Richter-Rauzer: 7...a6 8 0-0-0 Bd7 9 f4
Be7 10 Nf3 b5 11 Bxf6.} Kb8 {[#]} 15. Nd4 $146 ({Predecessor:} 15. g3 Bc8 16.
Bh3 Rhe8 17. Rhf1 Bf8 18. Qf4 Na5 19. fxe6 fxe6 20. Qxf6 Qc7 21. Qg5 Nc4 {
1/2-1/2 (49) Barrientos Chavarriaga,S (2477)-Delgado Ramirez,N (2575) Bogota
2010}) 15... h5 16. h4 {The position is equal.} Ne5 17. Rh3 Rhg8 18. Qe1 Bf8 $2
{A mistake that costs the game.} (18... Rc8 $14) 19. Be2 Rxg2 20. Bxh5 Bh6 {[#]
} 21. Bxf7 {[%mdl 512]} exf5 22. Bb3 fxe4 {[#]} 23. Nd5 $1 {[%cal Rd5b6][%mdl
512]} Qa7 (23... Qb7 24. Rc3) 24. Rc3 {Rc7 is the strong threat.} Rc8 (24...
Rdg8 $16) 25. Nxf6 ({Weaker is} 25. Qxe4 Rd2 $18) 25... e3 $2 (25... Rxc3 {
is tougher.} 26. Qxc3 Bc8) 26. Nxd7+ $18 {White is clearly winning.} Nxd7 27.
Bd5 Rd2 {Threatens to win with ...Qxd4.} 28. Rxc8+ Kxc8 29. Rxd2 {Weighted
Error Value: White=0.12/Black=0.78} 1-0

[Event "23rd ETCC Open 2021"]
[Site "Catez"]
[Date "2021.11.12"]
[Round "1.43"]
[White "Beukema, Stefan"]
[Black "Ter-Sahakyan, Samvel"]
[Result "0-1"]
[WhiteElo "2408"]
[BlackElo "2615"]
[Annotator "RC"]
[PlyCount "90"]
[EventDate "2021.11.08"]
[EventType "team-tourn"]
[EventCountry "SLO"]
[SourceTitle "playchess.com"]
[Source "ChessBase"]
[SourceQuality "1"]
[WhiteTeam "Belgium"]
[BlackTeam "Armenia"]
[WhiteTeamCountry "BEL"]
[BlackTeamCountry "ARM"]
[TimeControl "40/5400+30:1800+30"]

1. e4 c5 2. Nf3 d6 3. d4 cxd4 4. Nxd4 Nf6 5. Nc3 a6 6. h3 e5 7. Nde2 h5 8. g3
Be7 9. a4 Nc6 10. Bg2 Nb4 11. O-O Be6 12. f4 Rc8 13. Be3 Qd7 14. Kh2 h4 15. f5
Bc4 16. g4 d5 17. exd5 Nbxd5 18. Bf2 Nxc3 19. Nxc3 Bxf1 20. Qxf1 Qc7 21. Kh1
Bc5 22. g5 Nh5 23. Nd5 Qd8 24. Bxh4 Nf4 25. Nxf4 Rxh4 26. Re1 Kf8 27. Rxe5 Rxf4
28. Qxf4 Bd6 29. f6 gxf6 30. gxf6 Bxe5 31. Qxe5 Rxc2 32. Qg5 Qd1+ 33. Kh2 Qd6+
34. Kh1 Rxb2 35. Qg7+ Ke8 36. Qg8+ Qf8 37. Qh7 Rb6 38. Bxb7 Rxf6 39. Qd3 Qe7
40. Bg2 Qe1+ 41. Kh2 Qe5+ 42. Kh1 Qa1+ 43. Kh2 Qxa4 44. Qd5 Qf4+ 45. Kh1 Re6
0-1

[Event "23rd ETCC Open 2021"]
[Site "Catez"]
[Date "2021.11.12"]
[Round "1.44"]
[White "Gabuzyan, Hovhannes"]
[Black "Verstraeten, Rein"]
[Result "1/2-1/2"]
[WhiteElo "2598"]
[BlackElo "2386"]
[Annotator "TA"]
[PlyCount "61"]
[EventDate "2021.11.08"]
[EventType "team-tourn"]
[EventCountry "SLO"]
[SourceTitle "playchess.com"]
[Source "ChessBase"]
[SourceQuality "1"]
[WhiteTeam "Armenia"]
[BlackTeam "Belgium"]
[WhiteTeamCountry "ARM"]
[BlackTeamCountry "BEL"]

{[%evp 12,61,-10,-16,-3,-12,-8,-25,36,37,29,33,37,37,34,37,42,36,42,38,41,16,
10,1,9,4,3,4,10,0,0,0,0,0,18,14,33,0,0,0,12,7,8,0,7,0,0,0,0,-32,-38,-42]} 1. c4
e6 2. g3 Nf6 3. Bg2 d5 4. Nf3 Be7 5. Qc2 O-O 6. d4 c5 7. cxd5 cxd4 {E06:
Closed Catalan: Early deviations.} 8. Nxd4 Nxd5 {[#] ...Nb4 is the strong
threat.} 9. O-O Bd7 {[#]} ({Better is} 9... Nb4 $11 10. Qd2 e5) 10. Nc3 $146 ({
Predecessor:} 10. Rd1 Nc6 11. Nxc6 Bxc6 12. Nc3 Nb4 13. Qb3 Qc7 14. Bf4 e5 15.
Bxc6 bxc6 16. Be3 {1-0 (82) Ponkratov,P (2628)-Weetik,V (2423) Chess.com INT
2020}) 10... Nc6 11. Nxc6 Bxc6 12. Nxd5 Bxd5 13. Rd1 {[#] Hoping for e4.} Rc8
14. Qb1 {Black must now prevent e4.} Qa5 15. Bxd5 exd5 16. Qd3 Bf6 17. Bd2 Qb6
18. Rab1 d4 19. b3 Qe6 20. Rbc1 h5 21. Qf3 h4 22. g4 g6 23. h3 b5 24. Qd3 a6
25. Rxc8 (25. Kf1 {is interesting.} Rfe8 26. Re1 Kg7 27. f4 Kh7 28. Kf2) 25...
Rxc8 26. Rc1 Re8 27. Re1 Qe5 28. Qf3 Bg5 29. Bxg5 Qxg5 30. Kf1 Qd2 31. a4 {
Weighted Error Value: White=0.05/Black=0.08} 1/2-1/2

[Event "23rd ETCC Open 2021"]
[Site "Catez"]
[Date "2021.11.12"]
[Round "1.45"]
[White "Nguyen, Thai Dai Van"]
[Black "Laurusas, Tomas"]
[Result "1-0"]
[WhiteElo "2594"]
[BlackElo "2553"]
[Annotator "ChessBase"]
[PlyCount "83"]
[EventDate "2021.11.08"]
[EventType "team-tourn"]
[EventCountry "SLO"]
[SourceTitle "playchess.com"]
[Source "ChessBase"]
[SourceQuality "1"]
[WhiteTeam "Czech Republic"]
[BlackTeam "Lithuania"]
[WhiteTeamCountry "CZE"]
[BlackTeamCountry "LTU"]
[TimeControl "40/5400+30:1800+30"]

1. e4 e5 2. Nf3 Nf6 3. d4 exd4 4. e5 Ne4 5. Qxd4 d5 6. exd6 Nxd6 7. Bd3 Nc6 8.
Qf4 g6 9. O-O Bg7 10. Re1+ Be6 11. Nc3 O-O 12. Be3 Qf6 13. Ng5 Bc4 14. Qh4 h6
15. Bxc4 Nxc4 16. Qxc4 hxg5 17. Nd5 Qxb2 18. Rab1 Ne5 19. Qa4 b5 20. Qe4 f5 21.
Nf6+ Bxf6 22. Qd5+ Nf7 23. Rxb2 Bxb2 24. Qxb5 Bf6 25. Qc4 Rfe8 26. Rb1 f4 27.
Bc5 Rad8 28. h4 gxh4 29. Qxf4 Kg7 30. Bxa7 g5 31. Qb4 Re2 32. Rc1 Ne5 33. Be3
c5 34. Qxc5 Ng4 35. Qc4 Rxe3 36. fxe3 Nxe3 37. Qe4 Nd1 38. Rb1 Bd4+ 39. Kh2 Nf2
40. Qe7+ Kg6 41. Qxd8 Ng4+ 42. Kh1 1-0